Déficit atencional: estrategias para el diagnóstico y la intervención psicoeducativa

Spremljeno u:
Bibliografski detalji
Glavni autori: Condemarín Grimberg, Mabel (Autor), Gorostegui, María Elena (Autor)
Format: Knjiga
Jezik:španjolski
Izdano: Santiago Planeta Chilena 2004
Izdanje:1a. ed
Serija:Ariel Educación
Teme:
Oznake: Dodaj oznaku
Bez oznaka, Budi prvi tko označuje ovaj zapis!

MARC

LEADER 00000nam a2200000 a 4500
001 UCK7352
003 CL-VaPUC
008 051118e20040000CL |||||||||||||||||spa|d
020 |a 9562473678 
082 0 4 |a 616.8582  |b CON  |2 21 
100 0 |a Condemarín Grimberg, Mabel  |e author  |9 496879 
700 0 |a Gorostegui, María Elena  |e author  |9 496880 
245 1 0 |a Déficit atencional: estrategias para el diagnóstico y la intervención psicoeducativa 
250 |a 1a. ed 
300 |a 255 p 
942 |c BK 
945 |d 20051118 00:00:00  |a cmena 
260 |a Santiago  |b Planeta Chilena  |c 2004 
650 0 |a Trastornos del comportamiento  |9 311363 
650 0 |a Trastornos de la personalidad   |9 307698 
650 0 |a Psicología del desarrollo  |9 307541 
650 0 |a Psicología del niño  |9 307305 
650 7 |a PSICOTERAPIA  |2 CL-VaPUC  |9 496882 
650 0 |a Psicología educacional   |9 307830 
583 |a last modification  |c 20051118 00:00:00  |k Rodrigo Vera 
490 0 |a Ariel Educación 
999 |c 315337  |d 315335 
952 |0 0  |1 0  |4 0  |6 616_858200000000000_CON_2004  |7 0  |8 A  |9 388441  |a BIBEDU  |b BIBEDU  |d 2019-11-22  |i 4182707  |l 1  |o 616.8582 CON 2004  |p 4182707  |r 2024-03-20  |s 2024-03-20  |w 2019-11-22  |y BK  |k EDI